000 00314nam a2200133Ia 4500
005 20260328104323.0
008 260328s9999||||xx |||||||||||||| ||und||
100 _aRichards, J.M.
245 0 _aHassan Fathy /
_cJ.M. Richards
260 _bA Mimar Book
300 _a169 p.
650 _aARQUITECTOS
942 _cBK
999 _c11413
_d11413